Città sopra o sotto il Tropico del Cancro? - Quiz n°4 - Statistics

Statistiche generali
  • Questo quiz è stato fatto 6 volte
  • Il punteggio medio è 8 su 10
Statistiche sulle risposte
Hint Risposta % Corretto
Seul Nord del Tropico del Cancro
100%
Dushambe Nord del Tropico del Cancro
100%
Lisbona Nord del Tropico del Cancro
100%
Ouagadougou Sud del Tropico del Cancro
83%
Beirut Nord del Tropico del Cancro
67%
Miami Nord del Tropico del Cancro
67%
Kuala Lumpur Sud del Tropico del Cancro
67%
Port-au-Prince Sud del Tropico del Cancro
67%
Mumbai Sud del Tropico del Cancro
67%
Dubai Nord del Tropico del Cancro
33%
Nessun quiz corrispondente trovato
Distribuzione punteggi
Percentuale di utenti per punteggio
Percentile per numero di risposta
I tuoi punteggi nel tempo
Non hai fatto questo quiz